[Event "St Petersburg White Nights CYSS op"]
[Site "St Petersburg"]
[Date "2007.06.09"]
[Round "8"]
[White "Novikov, Mikhail V"]
[Black "Vunder, Andrei"]
[Result "1/2-1/2"]
[WhiteElo "2355"]
[BlackElo "2259"]
[PlyCount "30"]
[EventDate "2007.06.02"]
[EventType "swiss"]
[EventRounds "9"]
[EventCountry "RUS"]
[SourceTitle "EXT 2022"]
[Source "ChessBase"]
[SourceDate "2021.10.06"]
[SourceVersion "1"]
[SourceVersionDate "2021.10.06"]
[SourceQuality "1"]

1. d4 d5 2. c4 e6 3. Nf3 Nf6 4. Nc3 Be7 5. Bg5 h6 6. Bh4 0-0 7. e3 b6 8. Bd3 Bb7 9. 0-0 Nbd7 10. Rc1 c5 11. Qe2 dxc4 12. Bxc4 a6 13. a4 Ne4 14. Bxe7 Qxe7 15. Nxe4 Bxe4 1/2-1/2

[Event "St Petersburg White Nights CYSS op"]
[Site "St Petersburg"]
[Date "2007.06.08"]
[Round "7"]
[White "Novikov, Mikhail V"]
[Black "Giri, Anish"]
[Result "0-1"]
[WhiteElo "2355"]
[BlackElo "2218"]
[PlyCount "92"]
[EventDate "2007.06.02"]
[EventType "swiss"]
[EventRounds "9"]
[EventCountry "RUS"]
[SourceTitle "EXT 2022"]
[Source "ChessBase"]
[SourceDate "2021.10.06"]
[SourceVersion "1"]
[SourceVersionDate "2021.10.06"]
[SourceQuality "1"]

1. c4 Nf6 2. Nc3 g6 3. d4 Bg7 4. Nf3 0-0 5. e4 d6 6. Be2 Bg4 7. Be3 Nfd7 8. Rc1 c5 9. d5 Na6 10. 0-0 Nc7 11. h3 Bxf3 12. Bxf3 a6 13. a4 Qb8 14. Be2 e6 15. a5 exd5 16. cxd5 b5 17. axb6 Qxb6 18. Qa4 Rfd8 19. Rb1 Rab8 20. Rfc1 Qb4 21. Qc2 Re8 22. Bd3 Ne5 23. Bf1 Qb3 24. Bf4 f5 25. Qd2 Rb4 26. exf5 Rd4 27. Qe3 Nd3 28. Qxd3 Rxd3 29. Bxd3 Be5 30. Bd2 gxf5 31. Bxf5 Nxd5 32. Bc2 Qc4 33. Ne4 Qb5 34. Re1 Kg7 35. Ng5 h6 36. Nf3 Bf4 37. Rxe8 Qxe8 38. Re1 Qd8 39. Re6 Bxd2 40. Nxd2 Nf4 41. Re3 d5 42. Nf3 d4 43. Re4 d3 44. Bd1 Ng6 45. Ra4 Qf6 46. Ra2 Ne5 0-1

[Event "St Petersburg White Nights CYSS op"]
[Site "St Petersburg"]
[Date "2007.06.06"]
[Round "5"]
[White "Novikov, Mikhail V"]
[Black "Vlassow, Valentin"]
[Result "1/2-1/2"]
[WhiteElo "2355"]
[BlackElo "2348"]
[PlyCount "27"]
[EventDate "2007.06.02"]
[EventType "swiss"]
[EventRounds "9"]
[EventCountry "RUS"]
[SourceTitle "EXT 2022"]
[Source "ChessBase"]
[SourceDate "2021.10.06"]
[SourceVersion "1"]
[SourceVersionDate "2021.10.06"]
[SourceQuality "1"]

1. d4 d5 2. c4 Bf5 3. Nf3 e6 4. Nc3 Nf6 5. Bg5 c6 6. Nh4 Bg4 7. h3 Bh5 8. g4 Bg6 9. Nxg6 hxg6 10. e3 Nbd7 11. a3 dxc4 12. Bxc4 Qa5 13. Bf4 Nd5 14. Bxd5 1/2-1/2

[Event "St Petersburg White Nights op"]
[Site "St Petersburg"]
[Date "2006.06.27"]
[Round "5"]
[White "Egorov, Dmitry Petrovich"]
[Black "Novikov, Mikhail V"]
[Result "1-0"]
[WhiteElo "2215"]
[BlackElo "2343"]
[PlyCount "53"]
[EventDate "2006.06.23"]
[EventType "swiss"]
[EventRounds "9"]
[EventCountry "RUS"]
[SourceTitle "CBM 112 Extra"]
[Source "ChessBase"]
[SourceDate "2006.07.14"]
[SourceVersion "1"]
[SourceVersionDate "2006.07.14"]
[SourceQuality "1"]

1. e4 c5 2. Nf3 e6 3. c3 d5 4. e5 Bd7 5. d4 Qb6 6. Bd3 cxd4 7. Nxd4 Nc6 8. Nf3 Nge7 9. 0-0 Ng6 10. Qe2 a6 11. h4 Qc7 12. Re1 f6 13. Bxg6+ hxg6 14. Bf4 0-0-0 15. Nbd2 fxe5 16. Nxe5 Nxe5 17. Bxe5 Qb6 18. Nf3 Be7 19. g3 Bf6 20. Qe3 Qxe3 21. Rxe3 Rhe8 22. Rae1 Re7 23. Nd4 Rde8 24. Rf3 Rf7 25. Rfe3 Bxe5 26. Rxe5 Rf6 27. f4 1-0

[Event "St Petersburg White Nights op"]
[Site "St Petersburg"]
[Date "2006.06.25"]
[Round "3"]
[White "Smirnov, Sergei"]
[Black "Novikov, Mikhail V"]
[Result "1-0"]
[WhiteElo "2283"]
[BlackElo "2343"]
[PlyCount "71"]
[EventDate "2006.06.23"]
[EventType "swiss"]
[EventRounds "9"]
[EventCountry "RUS"]
[SourceTitle "CBM 112 Extra"]
[Source "ChessBase"]
[SourceDate "2006.07.14"]
[SourceVersion "1"]
[SourceVersionDate "2006.07.14"]
[SourceQuality "1"]

1. Nf3 c5 2. c4 Nc6 3. Nc3 g6 4. e3 Nf6 5. d4 Bg7 6. d5 Nb8 7. e4 d6 8. h3 0-0 9. Bd3 e6 10. 0-0 exd5 11. cxd5 Nbd7 12. Bf4 Qe7 13. Re1 Nh5 14. Bg5 Bf6 15. Bh6 Bg7 16. Bxg7 Kxg7 17. Qd2 Ne5 18. Be2 Nxf3+ 19. Bxf3 Qe5 20. Bxh5 Qxh5 21. f4 Qh4 22. Nb5 Qd8 23. e5 dxe5 24. fxe5 b6 25. Nd6 Qe7 26. Qc3 Rd8 27. Rf1 Rf8 28. Rae1 Ba6 29. Rf4 Rad8 30. Re3 Kg8 31. Ne4 Bb7 32. Nf6+ Kh8 33. Rh4 h5 34. Qd3 Kg7 35. Nxh5+ gxh5 36. Rg3+ 1-0

[Event "St Petersburg White Nights op"]
[Site "St Petersburg"]
[Date "2006.06.24"]
[Round "2"]
[White "Novikov, Mikhail V"]
[Black "Krasnov, Vasiliy G"]
[Result "1-0"]
[WhiteElo "2343"]
[BlackElo "2141"]
[PlyCount "77"]
[EventDate "2006.06.23"]
[EventType "swiss"]
[EventRounds "9"]
[EventCountry "RUS"]
[SourceTitle "CBM 112 Extra"]
[Source "ChessBase"]
[SourceDate "2006.07.14"]
[SourceVersion "1"]
[SourceVersionDate "2006.07.14"]
[SourceQuality "1"]

1. d4 g6 2. c4 Bg7 3. Nf3 Nf6 4. Nc3 c6 5. e4 0-0 6. Be2 d6 7. 0-0 Bg4 8. Be3 Nbd7 9. h3 Bxf3 10. Bxf3 e5 11. Qd2 Re8 12. Rad1 a6 13. d5 c5 14. Be2 Kh8 15. Rb1 Ng8 16. Bd3 Rf8 17. b4 b6 18. a4 Ra7 19. a5 bxa5 20. bxc5 dxc5 21. Na4 Qc7 22. Rb2 Rc8 23. Rfb1 Bf6 24. Be2 Be7 25. Nb6 Nxb6 26. Rxb6 Qd7 27. Qb2 Bd6 28. Bg4 f5 29. exf5 gxf5 30. Bf4 Re8 31. Bh5 Re7 32. Re1 Rg7 33. Bxe5 Bxe5 34. Rxe5 Rb7 35. Ree6 a4 36. Be8 Rxb6 37. Qxb6 Qb7 38. Bxa4 Qc8 39. Re8 1-0

[Event "St Petersburg White Nights op"]
[Site "St Petersburg"]
[Date "2006.06.23"]
[Round "1"]
[White "Maznov, Sergey"]
[Black "Novikov, Mikhail V"]
[Result "0-1"]
[WhiteElo "2064"]
[BlackElo "2343"]
[PlyCount "42"]
[EventDate "2006.06.23"]
[EventType "swiss"]
[EventRounds "9"]
[EventCountry "RUS"]
[SourceTitle "CBM 112 Extra"]
[Source "ChessBase"]
[SourceDate "2006.07.14"]
[SourceVersion "1"]
[SourceVersionDate "2006.07.14"]
[SourceQuality "1"]

1. d4 Nf6 2. Nf3 d5 3. e3 g6 4. Nbd2 Bg7 5. c4 0-0 6. Qb3 c5 7. cxd5 cxd4 8. e4 Qa5 9. Qd3 Na6 10. a3 Nc5 11. Qc4 Ncxe4 12. b4 Nxd2 13. bxa5 Nxc4 14. Bxc4 Rd8 15. Bb2 Nxd5 16. Nxd4 Nf4 17. 0-0-0 Nxg2 18. Nb5 Bg4 19. Rxd8+ Rxd8 20. Nxa7 Ra8 21. Nb5 Rc8 0-1

[Event "St Petersburg White Nights op"]
[Site "St Petersburg"]
[Date "2005.06.21"]
[Round "4"]
[White "Utkin, Aleksey"]
[Black "Novikov, Mikhail V"]
[Result "0-1"]
[WhiteElo "2387"]
[BlackElo "2370"]
[PlyCount "158"]
[EventDate "2005.06.18"]
[EventType "swiss"]
[EventRounds "9"]
[EventCountry "RUS"]
[SourceTitle "CBM 106 Extra"]
[Source "ChessBase"]
[SourceDate "2005.07.01"]
[SourceVersion "1"]
[SourceVersionDate "2005.07.01"]
[SourceQuality "1"]

1. d4 d5 2. Nf3 c6 3. c4 Nf6 4. Nc3 e6 5. Bg5 h6 6. Bh4 dxc4 7. e4 b5 8. e5 g5 9. Bg3 Nd5 10. Be2 Nd7 11. 0-0 Bb7 12. a4 a6 13. Nd2 Nxc3 14. bxc3 Nb6 15. Bh5 Nd5 16. Ne4 Qd7 17. Qe2 0-0-0 18. Rad1 c5 19. f4 gxf4 20. Bxf4 cxd4 21. cxd4 Kb8 22. axb5 axb5 23. Bg3 Qc6 24. Bxf7 Bb4 25. Be1 Be7 26. Rf3 b4 27. Nd6 Rxd6 28. exd6 Bxd6 29. Qxe6 Rd8 30. Bh4 Rc8 31. Qxd5 Qxd5 32. Bxd5 Bxd5 33. Rf5 Be4 34. Bg3 Bxf5 35. Bxd6+ Kb7 36. Bxb4 c3 37. Rc1 c2 38. Bd2 h5 39. Kf2 Kc6 40. Ke3 Kd5 41. Kf4 Bg4 42. h3 Bd1 43. g4 hxg4 44. hxg4 Kxd4 45. Kg3 Kd3 46. Bf4 Ke4 47. Bd2 Rd8 48. Bh6 Rg8 49. Kf2 Rxg4 50. Be3 Rg7 51. Bd2 Rf7+ 52. Kg3 Rf3+ 53. Kg2 Kd3 54. Bg5 Kc3 55. Bh6 Rf7 56. Kg3 Kd3 57. Bf4 Ke4 58. Bd2 Rf3+ 59. Kg2 Rd3 60. Bh6 Rd6 61. Bf8 Rg6+ 62. Kh2 Kd3 63. Bb4 Rg4 64. Be1 Ke2 65. Bc3 Kf2 66. Bf6 Rf4 67. Be7 Rf5 68. Bh4+ Kf3 69. Be1 Rh5+ 70. Kg1 Rg5+ 71. Kh2 Rg2+ 72. Kh1 Re2 73. Bb4 Re4 74. Ba5 Re5 75. Bc3 Rc5 76. Bb4 Rb5 77. Bd2 Kf2 78. Bf4 Rh5+ 79. Bh2 Bf3# 0-1

[Event "St Petersburg White Nights op"]
[Site "St Petersburg"]
[Date "2005.06.19"]
[Round "2"]
[White "Churikov, Viktor"]
[Black "Novikov, Mikhail V"]
[Result "0-1"]
[WhiteElo "2164"]
[BlackElo "2370"]
[PlyCount "82"]
[EventDate "2005.06.18"]
[EventType "swiss"]
[EventRounds "9"]
[EventCountry "RUS"]
[SourceTitle "CBM 106 Extra"]
[Source "ChessBase"]
[SourceDate "2005.07.01"]
[SourceVersion "1"]
[SourceVersionDate "2005.07.01"]
[SourceQuality "1"]

1. e4 c5 2. Nf3 d6 3. d4 cxd4 4. Nxd4 Nf6 5. f3 a6 6. c4 e6 7. Nc3 Be7 8. Be3 0-0 9. Be2 Qc7 10. 0-0 b6 11. Qd2 Bb7 12. Rfc1 Nbd7 13. a4 Rab8 14. b4 Rfc8 15. Nb3 Ne5 16. a5 Nfd7 17. Na4 bxa5 18. Nxa5 Rd8 19. Nxb7 Qxb7 20. Rab1 h6 21. f4 Ng6 22. Bf3 Nh4 23. Qf2 Rdc8 24. Be2 Qxe4 25. c5 dxc5 26. Bxa6 Rc7 27. Nc3 Qg6 28. b5 Nb6 29. Rd1 Rd8 30. Rxd8+ Bxd8 31. Rd1 Be7 32. g3 Nf5 33. Ne4 Nxe3 34. Qxe3 Qh5 35. Rc1 Qd5 36. Nc3 Qb3 37. Rb1 Qc4 38. Ne4 Rd7 39. Rc1 Rd3 40. Qe1 Qd4+ 41. Nf2 c4 0-1

[Event "St Petersburg Chigorin CC-ch"]
[Site "St Petersburg"]
[Date "2005.05.23"]
[Round "7"]
[White "Malakhov, Igor"]
[Black "Novikov, Mikhail V"]
[Result "1-0"]
[WhiteElo "2197"]
[BlackElo "2370"]
[PlyCount "117"]
[EventDate "2005.05.16"]
[EventType "swiss"]
[EventRounds "9"]
[EventCountry "RUS"]
[SourceTitle "EXT 2006"]
[Source "ChessBase"]
[SourceDate "2005.11.24"]
[SourceVersion "1"]
[SourceVersionDate "2005.11.24"]
[SourceQuality "1"]

1. e4 c5 2. Nf3 d6 3. d4 cxd4 4. Nxd4 Nf6 5. Nc3 a6 6. h3 e5 7. Nde2 Be7 8. g4 h6 9. Bg2 Be6 10. Ng3 g6 11. Be3 h5 12. g5 Nfd7 13. h4 Nb6 14. Bh3 N8d7 15. Bxe6 fxe6 16. Qe2 Rc8 17. 0-0 Nc4 18. Bc1 Qa5 19. Qd1 Qc5 20. Kg2 b5 21. Nce2 b4 22. b3 Ncb6 23. Bd2 Qxc2 24. Bxb4 Qxd1 25. Rfxd1 d5 26. Bxe7 Kxe7 27. Rac1 Rxc1 28. Rxc1 Kd6 29. f4 exf4 30. Nxf4 Ne5 31. exd5 exd5 32. Re1 Rh7 33. Rxe5 Kxe5 34. Nxg6+ Kd4 35. Nf5+ Ke4 36. Nge7 Ke5 37. g6 Rxe7 38. Nxe7 Kf6 39. Nc6 Kxg6 40. Nb8 a5 41. a4 Kf5 42. Kf3 Ke5 43. Nc6+ Kd6 44. Nxa5 Kc5 45. Kf4 Kb4 46. Nc6+ Kxb3 47. a5 Nd7 48. a6 Ka4 49. Ne7 Nb6 50. a7 d4 51. Kg5 Kb5 52. Nd5 Na8 53. Kxh5 Kc6 54. Nf4 Kb7 55. Kg6 Kxa7 56. h5 Nc7 57. h6 Ne6 58. Nxe6 d3 59. Nd4 1-0

[Event "St Petersburg White Nights op"]
[Site "St Petersburg"]
[Date "2004.??.??"]
[Round "5"]
[White "Novikov, Mikhail V"]
[Black "Pochinkov, Andrey"]
[Result "1-0"]
[WhiteElo "2371"]
[BlackElo "2176"]
[PlyCount "65"]
[EventDate "2004.06.??"]
[EventType "swiss"]
[EventRounds "9"]
[EventCountry "RUS"]
[SourceTitle "CBM 100 Extra"]
[Source "ChessBase"]
[SourceDate "2004.07.06"]
[SourceVersion "2"]
[SourceVersionDate "2004.07.06"]
[SourceQuality "1"]

1. d4 Nf6 2. Nf3 g6 3. c4 Bg7 4. Nc3 d5 5. Bg5 Ne4 6. Bh4 Nxc3 7. bxc3 c5 8. e3 Nc6 9. cxd5 Qxd5 10. Qb3 Qd8 11. Bb5 0-0 12. 0-0 Be6 13. Qa3 Qd6 14. dxc5 Qc7 15. Nd4 Bd7 16. Rab1 e5 17. Nxc6 Bxc6 18. Rfd1 Bxb5 19. Rxb5 Qc6 20. Qb3 Rab8 21. Be7 Rfe8 22. Bd6 Ra8 23. Rxb7 Re6 24. h3 a5 25. a4 e4 26. Rb8+ Rxb8 27. Qxb8+ Re8 28. Qb5 Qa8 29. c6 Bxc3 30. c7 Qc8 31. Qc6 Bf6 32. Rb1 Qe6 33. Qxe8+ 1-0

[Event "St Petersburg-Moscow"]
[Site "St Petersburg"]
[Date "2003.05.03"]
[Round "1"]
[White "Kosteniuk, Alexandra"]
[Black "Novikov, Mikhail V"]
[Result "1-0"]
[WhiteElo "2452"]
[BlackElo "2401"]
[PlyCount "85"]
[EventDate "2003.05.03"]
[EventType "team"]
[EventRounds "2"]
[EventCountry "RUS"]
[SourceTitle "CBM 095"]
[Source "ChessBase"]
[SourceDate "2003.07.25"]
[SourceVersion "1"]
[SourceVersionDate "2003.07.25"]
[SourceQuality "1"]

1. e4 c5 2. Nf3 d6 3. d4 cxd4 4. Nxd4 Nf6 5. Nc3 a6 6. Bg5 e6 7. f4 Qb6 8. Qd2 Nc6 9. Nb3 Be7 10. 0-0-0 Qc7 11. Be2 b5 12. Bf3 Bb7 13. Rhe1 0-0 14. Bxf6 gxf6 15. Re3 Kh8 16. Bh5 b4 17. Nd5 exd5 18. exd5 Ne5 19. fxe5 fxe5 20. Rh3 Rg8 21. Kb1 Rg7 22. Qxb4 Rb8 23. Qe4 f5 24. Qe2 a5 25. g4 a4 26. Nc1 Qb6 27. b3 Ba6 28. Qe3 fxg4 29. Qxb6 Rxb6 30. Rg3 Rb4 31. Rdg1 Bc8 32. c4 axb3 33. axb3 Bf5+ 34. Kb2 Bf6 35. Rf1 Rg5 36. Bxg4 e4+ 37. Ka3 Bxg4 38. Rxf6 Rb8 39. Rxd6 Rg7 40. c5 Bf5 41. Rf6 Ra7+ 42. Kb2 Bg6 43. c6 1-0

[Event "St Petersburg-ch"]
[Site "St Petersburg"]
[Date "2003.04.27"]
[Round "12"]
[White "Lugovoi, Aleksei"]
[Black "Novikov, Mikhail V"]
[Result "1-0"]
[WhiteElo "2563"]
[BlackElo "2401"]
[PlyCount "81"]
[EventDate "2003.04.16"]
[EventType "tourn"]
[EventRounds "13"]
[EventCountry "RUS"]
[EventCategory "11"]
[SourceTitle "CBM 095"]
[Source "ChessBase"]
[SourceDate "2003.07.25"]
[SourceVersion "1"]
[SourceVersionDate "2003.07.25"]
[SourceQuality "1"]

1. d4 Nf6 2. c4 e6 3. Nc3 Bb4 4. e3 d5 5. Bd3 c5 6. Nf3 Nc6 7. 0-0 0-0 8. a3 Bxc3 9. bxc3 Qc7 10. Qc2 dxc4 11. Bxc4 e5 12. Bd3 Bg4 13. Nxe5 Nxe5 14. dxe5 Qxe5 15. f3 Bd7 16. a4 Bc6 17. e4 Rfd8 18. Kh1 Rd7 19. Be3 Rad8 20. Bc4 h6 21. a5 Ne8 22. Rfe1 Nd6 23. Bf1 Bb5 24. c4 Bc6 25. Qf2 b6 26. axb6 axb6 27. Rab1 Nc8 28. Kg1 Ba4 29. Qb2 Qe6 30. Ra1 Bd1 31. Ra8 Qc6 32. Ra1 Qe6 33. Qc3 Qc6 34. Rc1 Qa4 35. Qa1 Qxa1 36. Rxa1 Bc2 37. Ra8 Kf8 38. Rc1 Bb3 39. Kf2 Ke8 40. Be2 Nd6 41. Ra3 1-0

[Event "St Petersburg-ch"]
[Site "St Petersburg"]
[Date "2003.04.20"]
[Round "5"]
[White "Shaposhnikov, Evgeny"]
[Black "Novikov, Mikhail V"]
[Result "1-0"]
[WhiteElo "2564"]
[BlackElo "2401"]
[PlyCount "63"]
[EventDate "2003.04.16"]
[EventType "tourn"]
[EventRounds "13"]
[EventCountry "RUS"]
[EventCategory "11"]
[SourceTitle "CBM 095"]
[Source "ChessBase"]
[SourceDate "2003.07.25"]
[SourceVersion "1"]
[SourceVersionDate "2003.07.25"]
[SourceQuality "1"]

1. e4 c5 2. Nf3 d6 3. d4 cxd4 4. Nxd4 Nf6 5. Nc3 a6 6. Be3 e6 7. f4 b5 8. Bd3 Nbd7 9. a4 bxa4 10. 0-0 Bb7 11. Rxa4 Nc5 12. Rb4 Qd7 13. Nb3 Nxb3 14. Rxb3 Be7 15. Qe2 0-0 16. Ra1 d5 17. e5 Ne4 18. Na4 Qc7 19. Bb6 Qd7 20. Bd4 Qc6 21. Qe3 Rad8 22. Rb6 Qc7 23. c4 Rb8 24. b4 Bc6 25. c5 Bb5 26. Bxb5 axb5 27. Rxb8 Rxb8 28. Nc3 Nxc3 29. Qxc3 Qc6 30. Ra7 Bf8 31. Qa3 h6 32. Qa6 1-0

[Event "St Petersburg-chT "]
[Site "St Petersburg"]
[Date "2003.??.??"]
[Round "1"]
[White "Rakitskaja, Mariya"]
[Black "Novikov, Mikhail V"]
[Result "0-1"]
[WhiteElo "2122"]
[BlackElo "2390"]
[PlyCount "110"]
[EventDate "2003.??.??"]
[EventType "team"]
[EventRounds "9"]
[EventCountry "RUS"]
[SourceTitle "EXT 2005"]
[Source "ChessBase"]
[SourceDate "2004.11.15"]
[SourceVersion "1"]
[SourceVersionDate "2004.11.15"]
[SourceQuality "1"]

1. d4 Nf6 2. Nf3 e6 3. c4 c5 4. Nc3 cxd4 5. Nxd4 Bb4 6. Ndb5 d5 7. Bg5 0-0 8. cxd5 a6 9. a3 Ba5 10. Nd4 Bxc3+ 11. bxc3 Qa5 12. Qb3 Nxd5 13. Bd2 Qc7 14. e3 Nd7 15. Be2 Nc5 16. Qc2 Bd7 17. c4 Ba4 18. Qb2 Nf6 19. 0-0 Rfd8 20. Bb4 b6 21. Rab1 Rab8 22. h3 Nfe4 23. Bd1 Be8 24. Bc2 Nd6 25. Qa2 a5 26. Be1 Na4 27. Bb3 Ne4 28. Qc2 Nac5 29. Nb5 Qe7 30. f3 Nxb3 31. Rxb3 Nc5 32. Rc3 Rb7 33. Bg3 Bxb5 34. cxb5 Rbd7 35. Rc4 Rd2 36. Qc1 Qg5 37. Bf2 h5 38. h4 Qd5 39. e4 Qd3 40. Qc3 Qe2 41. Rxc5 bxc5 42. Qxc5 Rc2 43. Qb6 Rdd2 44. a4 Kh7 45. Qa7 Kg6 46. Qb6 Qc4 47. Qe3 Kh7 48. b6 Qb4 49. Kh2 Rb2 50. Kg3 Qxa4 51. b7 Rd8 52. Qa7 Qb4 53. Kh3 Qxb7 54. Qc5 Qb5 55. Qa7 Qxf1 0-1

[Event "St Petersburg-chT "]
[Site "St Petersburg"]
[Date "2003.??.??"]
[Round "5"]
[White "Savinov, Leonid"]
[Black "Novikov, Mikhail V"]
[Result "1/2-1/2"]
[WhiteElo "2260"]
[BlackElo "2390"]
[PlyCount "35"]
[EventDate "2003.??.??"]
[EventType "team"]
[EventRounds "9"]
[EventCountry "RUS"]
[SourceTitle "EXT 2005"]
[Source "ChessBase"]
[SourceDate "2004.11.15"]
[SourceVersion "1"]
[SourceVersionDate "2004.11.15"]
[SourceQuality "1"]

1. d4 Nf6 2. Nf3 g6 3. Bf4 Bg7 4. e3 c5 5. c3 b6 6. Be2 0-0 7. 0-0 Bb7 8. Nbd2 d6 9. h3 Nbd7 10. Bh2 Re8 11. a4 a6 12. Qb3 d5 13. Ne5 Nxe5 14. Bxe5 c4 15. Qc2 e6 16. Bf3 Qe7 17. e4 dxe4 18. Nxe4 1/2-1/2

[Event "St Petersburg White Nights op2"]
[Site "St Petersburg"]
[Date "2002.??.??"]
[Round "1"]
[White "Golovenchits, Boris"]
[Black "Novikov, Mikhail V"]
[Result "0-1"]
[WhiteElo "2121"]
[BlackElo "2391"]
[PlyCount "90"]
[EventDate "2002.??.??"]
[EventType "swiss"]
[EventRounds "9"]
[EventCountry "RUS"]
[SourceTitle "EXT 2003"]
[Source "ChessBase"]
[SourceDate "2002.11.25"]
[SourceVersion "1"]
[SourceVersionDate "2002.11.25"]
[SourceQuality "1"]

1. d4 Nf6 2. Nf3 g6 3. c4 Bg7 4. Nc3 0-0 5. e4 d6 6. Be2 e5 7. 0-0 Nc6 8. d5 Ne7 9. b4 Nd7 10. Bb2 h6 11. Nd2 f5 12. Bf3 Kh8 13. Nb3 Nf6 14. Nd2 f4 15. g4 Qd7 16. c5 g5 17. Be2 Nxg4 18. Bxg4 Qxg4+ 19. Qxg4 Bxg4 20. f3 Bd7 21. Nc4 Rf6 22. Kf2 Kh7 23. Rg1 Rg8 24. a4 a6 25. b5 dxc5 26. Nxe5 Rd6 27. Nc4 Bd4+ 28. Ke2 Rdg6 29. bxa6 Rxa6 30. Rgd1 g4 31. Nb5 gxf3+ 32. Kd3 Bxb2 33. Nxb2 Ng6 34. Nc4 Rxa4 35. Nxc7 Rxa1 36. Rxa1 b5 37. Nd2 Ne5+ 38. Kc3 Rg2 39. Nf1 Re2 40. Ra7 Re1 41. Nd2 f2 42. Ne6 Re3+ 43. Kc2 Re2 44. Ra1 Bxe6 45. dxe6 Kg6 0-1

[Event "St Petersburg White Nights op2"]
[Site "St Petersburg"]
[Date "2002.??.??"]
[Round "2"]
[White "Novikov, Mikhail V"]
[Black "Bryndin, Alexey"]
[Result "1/2-1/2"]
[WhiteElo "2391"]
[BlackElo "2148"]
[PlyCount "132"]
[EventDate "2002.??.??"]
[EventType "swiss"]
[EventRounds "9"]
[EventCountry "RUS"]
[SourceTitle "EXT 2003"]
[Source "ChessBase"]
[SourceDate "2002.11.25"]
[SourceVersion "1"]
[SourceVersionDate "2002.11.25"]
[SourceQuality "1"]

1. d4 g6 2. c4 Bg7 3. e4 d6 4. Nc3 c5 5. d5 Nf6 6. Bd3 0-0 7. h3 e6 8. Nf3 exd5 9. cxd5 Na6 10. 0-0 Nc7 11. Re1 Nd7 12. Bf4 Ne5 13. Nxe5 Bxe5 14. Qd2 Rb8 15. Bf1 Bxf4 16. Qxf4 f6 17. a3 b5 18. b4 Rb6 19. Red1 Re8 20. Qd2 c4 21. Re1 a6 22. Re3 Rb7 23. Ne2 Na8 24. Nd4 Bd7 25. a4 Nb6 26. axb5 axb5 27. Ra5 Re7 28. Nxb5 Bxb5 29. Rxb5 Qe8 30. Ra5 Rxe4 31. Rxe4 Qxe4 32. Qc3 Kg7 33. Rb5 Qe8 34. Bxc4 Qc8 35. Qd4 Nxc4 36. Rxb7+ Qxb7 37. Qxc4 Qa7 38. g3 h5 39. h4 g5 40. hxg5 fxg5 41. Qe4 Qd7 42. Kg2 g4 43. Qd3 Kf6 44. Qd4+ Kf5 45. Qe3 Kf6 46. Qd4+ Kf5 47. f3 Kg6 48. Qe4+ Kf6 49. Qf4+ Kg6 50. fxg4 hxg4 51. Qe4+ Kf6 52. Qd4+ Kg6 53. Qf4 Kh5 54. Qf1 Qg7 55. Qf5+ Kh6 56. Qf4+ Kh5 57. Kf2 Qb2+ 58. Ke3 Qc1+ 59. Ke4 Qc2+ 60. Kd4 Qb2+ 61. Kc4 Qe2+ 62. Kd4 Qb2+ 63. Kd3 Qb3+ 64. Ke4 Qc2+ 65. Kd4 Qb2+ 66. Kc4 Qe2+ 1/2-1/2

[Event "St Petersburg White Nights op2"]
[Site "St Petersburg"]
[Date "2002.??.??"]
[Round "5"]
[White "Shaposhnikov, Evgeny"]
[Black "Novikov, Mikhail V"]
[Result "1-0"]
[WhiteElo "2523"]
[BlackElo "2391"]
[PlyCount "65"]
[EventDate "2002.??.??"]
[EventType "swiss"]
[EventRounds "9"]
[EventCountry "RUS"]
[SourceTitle "EXT 2003"]
[Source "ChessBase"]
[SourceDate "2002.11.25"]
[SourceVersion "1"]
[SourceVersionDate "2002.11.25"]
[SourceQuality "1"]

1. e4 c5 2. Nf3 d6 3. d4 cxd4 4. Nxd4 Nf6 5. Nc3 a6 6. Be3 e6 7. f3 Qc7 8. Qd2 Nbd7 9. 0-0-0 h5 10. Kb1 Be7 11. Bg5 b6 12. f4 Bb7 13. Bd3 Nc5 14. e5 dxe5 15. fxe5 Ng4 16. Bxe7 Qxe7 17. Qf4 g5 18. Qg3 0-0-0 19. Be2 Qc7 20. Bxg4 hxg4 21. Rhe1 Rh6 22. b4 Nd7 23. Ncb5 axb5 24. Nxb5 Qb8 25. Qc3+ Nc5 26. bxc5 Rxd1+ 27. Rxd1 Bc6 28. Nd6+ Kc7 29. Ka1 Rxh2 30. cxb6+ Qxb6 31. Rb1 Qa6 32. Qc5 Kd7 33. Nf5 1-0

[Event "St Petersburg White Nights op2"]
[Site "St Petersburg"]
[Date "2002.??.??"]
[Round "9"]
[White "Solovjov, Sergey"]
[Black "Novikov, Mikhail V"]
[Result "1-0"]
[WhiteElo "2489"]
[BlackElo "2391"]
[PlyCount "103"]
[EventDate "2002.??.??"]
[EventType "swiss"]
[EventRounds "9"]
[EventCountry "RUS"]
[SourceTitle "EXT 2003"]
[Source "ChessBase"]
[SourceDate "2002.11.25"]
[SourceVersion "1"]
[SourceVersionDate "2002.11.25"]
[SourceQuality "1"]

1. e4 c5 2. Nf3 e6 3. d4 cxd4 4. Nxd4 a6 5. Nc3 Nc6 6. Be3 Nf6 7. Qd2 Bb4 8. f3 d5 9. a3 Be7 10. exd5 Nxd5 11. Nxd5 Qxd5 12. Nxc6 Qxc6 13. 0-0-0 b5 14. Bg5 Bxg5 15. Qxg5 0-0 16. Bd3 Bb7 17. Rhe1 Qc7 18. Kb1 Rfd8 19. Qh4 h6 20. f4 Rd5 21. g4 Qxf4 22. Qe7 Rxd3 23. cxd3 Bf3 24. Rf1 Qe3 25. Rfe1 Qd4 26. Rd2 Bxg4 27. Qh4 e5 28. Qg3 Be6 29. Qxe5 Rd8 30. Qxd4 Rxd4 31. Kc2 g5 32. Kc3 Rd6 33. Kb4 Kg7 34. d4 f5 35. Kc5 Rd5+ 36. Kc6 Bf7 37. Re5 Rxe5 38. dxe5 Be6 39. Kd6 Kf7 40. Rc2 Ba2 41. Rc3 f4 42. b3 Bb1 43. e6+ Kf6 44. e7 Bg6 45. Kd7 Ke5 46. Rc6 Bf7 47. Rxh6 f3 48. Rh3 g4 49. Rh7 Be6+ 50. Kc6 f2 51. e8Q f1Q 52. Rh5+ 1-0

[Event "St Petersburg op"]
[Site "St Petersburg"]
[Date "2001.??.??"]
[Round "1"]
[White "Kolpakov, Andrey"]
[Black "Novikov, Mikhail V"]
[Result "0-1"]
[WhiteElo "2159"]
[BlackElo "2382"]
[PlyCount "80"]
[EventDate "2001.??.??"]
[EventType "swiss"]
[EventRounds "9"]
[EventCountry "RUS"]
[SourceTitle "EXT 2002"]
[Source "ChessBase"]
[SourceDate "2001.11.25"]
[SourceVersion "1"]
[SourceVersionDate "2001.11.25"]
[SourceQuality "1"]

1. d4 Nf6 2. c4 e6 3. Nf3 d5 4. g3 dxc4 5. Qa4+ Bd7 6. Qxc4 c5 7. Bg2 Bc6 8. 0-0 Nbd7 9. Nc3 b5 10. Qd3 b4 11. Nb1 Be4 12. Qd1 Qb6 13. Nbd2 Bb7 14. dxc5 Bxc5 15. Nb3 Be7 16. Be3 Qa6 17. Rc1 0-0 18. Nfd4 Bxg2 19. Kxg2 Nd5 20. Bd2 Ne5 21. e4 Nb6 22. f4 Nec4 23. Nc6 Qb7 24. Nxe7+ Qxe7 25. Qe1 Nxd2 26. Qxd2 Rfd8 27. Qe2 h6 28. Rfd1 Rxd1 29. Rxd1 e5 30. f5 Rc8 31. Rc1 Rxc1 32. Nxc1 Qc7 33. Nd3 Qd6 34. b3 Nd7 35. Qe3 a5 36. Nb2 Nf6 37. Nc4 Qd1 38. Nxe5 Qc2+ 39. Kh3 Nxe4 40. Nd3 Qxd3 0-1